Llibre verd de la ciutat de Girona (1144 - 1533) / edició a cura de Christian Guilleré
ISBN:
84-7935-704-5
Descripción Física:
746 p. ; 24 p.
Colección:
Llibres de Privilegis ; 7
Otros Autores:
Guilleré, Christian
MARC
| LEADER | 00000nam a2200000Ia 4500 | ||
|---|---|---|---|
| 001 | 13115 | ||
| 008 | 160829s2000 xx 000 0 cat d | ||
| 020 | |a 84-7935-704-5 | ||
| 080 | |a H-2-114 | ||
| 245 | |a Llibre verd de la ciutat de Girona (1144 - 1533) / edició a cura de Christian Guilleré | ||
| 260 | |a Barcelona : |b Fundació Noguera ; Lleida : |b Pagès, |c 2000 | ||
| 300 | |a 746 p. ; |c 24 p. | ||
| 490 | |a Llibres de Privilegis ; 7 | ||
| 590 | |a A la portada: Ajuntament de Girona | ||
| 650 | |a Municipis |x Govern i administració |x Girona |x Fonts |9 38407 | ||
| 650 | |a Manuscrits llatins medievals i moderns |x Girona |9 38408 | ||
| 650 | |a Girona |x Cartes, privilegis, immunitats |9 38189 | ||
| 700 | 1 | |a Guilleré, Christian |9 38409 | |
| 710 | 1 | |a Girona (Catalunya). |b Ajuntament |9 54942 | |
| 901 | |a Arxiu | ||
| 942 | |n 1 | ||
| 952 | |0 0 |1 0 |4 0 |6 H2114 |7 1 |9 48406 |a Arxiu |b Arxiu |d 2016-12-01 |l 0 |o H-2-114 |p 13115 |r 2016-12-01 00:00:00 |w 2016-12-01 |y ARXIU | ||
| 999 | |c 52234 |d 52234 | ||